00731 2200193 4500001002100000005001700021008004100038035002400079082000800103090001700111100001700128245014500145260010100290300004400391500003200435504003000467650002200497990001800519YOGYA-0413000000005520130419130827.0 ind  0010-041300000000054 a302 aSK 302 Sud H aSUDARMANSYAH aHubungan antara bimbingan akhlak dalam keluarga dengan sikap sosial pada remaja di Kampung Kauman Gondomanan Yogyakarta/coleh Sudarmansyah. aYogyakarta :bJurusan Bimbingan dan Penyuluhan Islam Fakultas Dakwah IAIN Sunan Kalijaga,c2004. axii, 74(32) lbr. : ilus., lamp. ; 29 cm aSkripsi IAIN Sunan Kalijaga aBibliografi : (lbr.75-76) aSosial, interaksi a44690-PD/A.12